Twentieth century prose (Record no. 9270)

MARC details
000 -LEADER
fixed length control field 00645cam a2200241ua 4500
008 - FIXED-LENGTH DATA ELEMENTS--GENERAL INFORMATION
fixed length control field 180510n ii |||gr||||Z||||||eng
020 ## - INTERNATIONAL STANDARD BOOK NUMBER
International Standard Book Number 9780195660401
040 ## - CATALOGING SOURCE
Transcribing agency MAIN
041 ## - LANGUAGE CODE
-- eng
082 ## - DEWEY DECIMAL CLASSIFICATION NUMBER
Classification number 824
100 ## - MAIN ENTRY--PERSONAL NAME
Personal name Misra, Udayan,
Relator term
245 ## - TITLE STATEMENT
Title Twentieth century prose
Statement of responsibility, etc. Ed. by Udayan Misra and others
250 ## - EDITION STATEMENT
Edition statement 15th imp.
260 ## - PUBLICATION, DISTRIBUTION, ETC.
Place of publication, distribution, etc. New Delhi:
Name of publisher, distributor, etc. Oxford university press,
Date of publication, distribution, etc. 2015.
300 ## - PHYSICAL DESCRIPTION
Extent 234p.
700 ## - ADDED ENTRY--PERSONAL NAME
Personal name Goswami, Atul,
Relator term
700 ## - ADDED ENTRY--PERSONAL NAME
Personal name Mahanta, Aparna Dutta,
Relator term
700 ## - ADDED ENTRY--PERSONAL NAME
Personal name Goswami, Prafulla,
Relator term
942 ## - ADDED ENTRY ELEMENTS (KOHA)
Koha item type Books
653 ## - INDEX TERM--UNCONTROLLED
Uncontrolled term English essays
653 ## - INDEX TERM--UNCONTROLLED
Uncontrolled term English prose
Holdings
Withdrawn status Lost status Damaged status Not for loan Home library Current library Shelving location Date acquired Total Checkouts Full call number Barcode Date due Date last seen Date last checked out Copy number Price effective from Koha item type
        Central Library, Naharkatiya College Central Library, Naharkatiya College General Stacks 19/09/2020 12 824 | TWE 23961 16/08/2023 01/08/2023 01/08/2023 3 19/09/2020 Books
        Central Library, Naharkatiya College Central Library, Naharkatiya College General Stacks 19/09/2020 3 824 | TWE 23962   13/12/2022 07/12/2022 1 19/09/2020 Books
        Central Library, Naharkatiya College Central Library, Naharkatiya College General Stacks 19/09/2020 9 824 | TWE 23963   13/12/2022 07/12/2022 2 19/09/2020 Books

Naharkatiya College © 2020. All rights reserved.

Powered By